Regionalbahn Landau - Pirmasens - Statistiken

Allgemein
  • Dieses Quiz wurde 9 mal gespielt
  • Das Durchschnittsergebnis liegt bei 7 aus 18
Antwortstatistiken
Hinweis Antwort % Korrekt
unterhalb der Burg Trifels Annweiler
71%
nahe bei der Schuhmeile Hauenstein
71%
Anschlüsse nach Neustadt und Karlsruhe Landau Hbf
71%
Kopfbahnhof Pirmasens Hbf
71%
---- Münchweiler
57%
hier wechselt die Bahn die Richtung Pirmasens Nord
57%
---- Hinterweidenthal
43%
---- Rodalben
43%
---- Albersweiler
29%
in der Nähe einer Universität Landau West
29%
---- Annweiler Sarnstall
14%
---- Godramstein
14%
---- Hauenstein Mitte
14%
hier zweigt die Strecke nach Dahn ab Hinterweidenthal Ost
14%
---- Landau Süd
14%
---- Rinnthal
14%
an der Deutschen Weinstraße Siebeldingen-Birkweiler
14%
---- Wilgartswiesen
14%
Keine übereinstimmenden Quizze gefunden
Verteilung der Resultate
Anzahl Personen mit jedem Resultat
Perzentil nach korrekt beantworteten Fragen
Ihre Resultats-Entwicklung
Sie haben dieses Quiz noch nicht gespielt